[Event "Arco op 46th"]
[Site "Arco"]
[Date "2024.10.13"]
[Round "9"]
[White "Zanchini, Domenico Francesco"]
[Black "Burri, Roland"]
[Result "1/2-1/2"]
[WhiteElo "1692"]
[BlackElo "1571"]
[PlyCount "93"]
[EventDate "2024.10.05"]
[EventType "swiss"]
[EventRounds "9"]
[EventCountry "ITA"]
[SourceTitle "CB44_2024"]
[Source "Chessbase"]
[SourceDate "2024.10.30"]
[SourceVersion "1"]
[SourceVersionDate "2024.10.30"]
[SourceQuality "1"]

1. d4 g6 2. Nf3 d5 3. Bf4 Bg7 4. e3 a6 5. Be2 Nc6 6. Nbd2 Nf6 7. h3 0-0 8. 0-0 Re8 9. c3 b5 10. Ne5 Nxe5 11. Bxe5 Nd7 12. Bxg7 Kxg7 13. Nf3 c6 14. b3 f6 15. c4 e6 16. Rc1 Bb7 17. Qc2 Qb6 18. cxd5 exd5 19. Bd3 Rac8 20. b4 a5 21. a3 a4 22. Nh4 Nf8 23. Rfd1 Re6 24. Nf3 Rce8 25. Qb1 Qa7 26. Rc3 Qa8 27. Rdc1 Nd7 28. Qc2 Nf8 29. Kf1 Nd7 30. Qb1 Nf8 31. Qb2 Nd7 32. Qd2 Nf8 33. Qa2 Nd7 34. Qa1 Nf8 35. Kg1 Nd7 36. Qb1 Nf8 37. Qb2 Nd7 38. Qd2 Nf8 39. Qa2 Nd7 40. Qa1 Nf8 41. R1c2 Nd7 42. Rc1 Nf8 43. Re1 Qd8 44. Rc2 Nd7 45. Rce2 f5 46. Qb2 h6 47. Qc2 1/2-1/2

[Event "Arco op 46th"]
[Site "Arco"]
[Date "2024.10.09"]
[Round "5"]
[White "Zanchini, Domenico Francesco"]
[Black "De Joannon, Giulio"]
[Result "1/2-1/2"]
[WhiteElo "1692"]
[BlackElo "1636"]
[PlyCount "81"]
[EventDate "2024.10.05"]
[EventType "swiss"]
[EventRounds "9"]
[EventCountry "ITA"]
[SourceTitle "CB44_2024"]
[Source "Chessbase"]
[SourceDate "2024.10.30"]
[SourceVersion "1"]
[SourceVersionDate "2024.10.30"]
[SourceQuality "1"]

1. d4 Nf6 2. Nf3 g6 3. Bf4 Bg7 4. h3 d6 5. e3 0-0 6. Be2 c5 7. c3 a6 8. Nbd2 b5 9. a4 b4 10. cxb4 cxb4 11. 0-0 a5 12. Rc1 Bf5 13. Bb5 Bd7 14. Qe2 Bxb5 15. Qxb5 Qd7 16. Qxd7 Nbxd7 17. Rc7 Rfc8 18. Rfc1 Rxc7 19. Rxc7 Nb6 20. Rxe7 Nbd5 21. Rb7 Nxf4 22. exf4 d5 23. g3 Ne4 24. Nxe4 dxe4 25. Ne5 f6 26. Nc6 Bf8 27. Kf1 f5 28. b3 Ra6 29. d5 Bd6 30. Ra7 Rxa7 31. Nxa7 Kf8 32. Nc6 Bc7 33. d6 Bxd6 34. Nxa5 Ke7 35. Ke2 Bc5 36. Nc4 Ke6 37. Ne3 Bb6 38. Nc4 Bc5 39. Ne3 Bb6 40. Nc2 Bc5 41. Ne3 1/2-1/2